| 000 | 00439nam a2200133Ia 4500 | ||
|---|---|---|---|
| 008 | 170516s9999 xx 000 0 und d | ||
| 245 | _aCritical factors affecting the integration of biomass gasification and syngas fermentation technology | ||
| 260 | _bAIMS Bioengineering | ||
| 260 | _c2016 | ||
| 300 | _a:2 | ||
| 650 | _xMedical Technology | ||
| 650 | _xMedtech | ||
| 856 | _uhttp://www.aimspress.com/journal/Bioengineering/2016/2.html | ||
| 999 |
_c330145 _d330145 |
||